000 00486cam a2200205ua 4500
001 8244
005 20260515114317.0
008 150113n ii |||gr||||Z||||||hin
040 _cMAIN
041 _ahin
082 _a891.431
100 _aNandan, K.L.,
_eAuthor.
245 1 _aMujhe maloom hai
_cBy K.L. Nandan
250 _a1st.
260 _aDelhi:
_bParag,
_c1977.
300 _a72p.
653 _aEast Indo-European & Celtic literatures
653 _aHindi poems
942 _cBK
999 _c7354
_d7354